[Event "4NCL/Div3/HKF2 vs. FCA1"]
[Site "Birmingham ENG"]
[Date "2006.04.30"]
[Round "10.1"]
[White "Fierro Baquero, Martha L"]
[Black "Hetey, Laszlo"]
[Result "1/2-1/2"]
[WhiteElo "2294"]
[BlackElo "2330"]
[PlyCount "26"]
[EventDate "2006.04.30"]
[EventType "team"]
[EventRounds "11"]
[EventCountry "ENG"]
[SourceDate "2006.04.29"]
[WhiteTeam "H Kingfisher 2"]
[BlackTeam "FCA Solutions 1"]

1. e4 c5 2. Nf3 Nc6 3. Bb5 g6 4. c3 Nf6 5. e5 Nd5 6. O-O Bg7 7. d4 cxd4 8. cxd4
O-O 9. Nc3 Nxc3 10. bxc3 d6 11. exd6 exd6 12. Bf4 a6 13. Bd3 Bg4 1/2-1/2

[Event "4NCL/Div3/HKF2 vs. FCA1"]
[Site "Birmingham ENG"]
[Date "2006.04.30"]
[Round "10.3"]
[White "Broomfield, Matthew"]
[Black "Smith, Graham"]
[Result "1/2-1/2"]
[WhiteElo "2303"]
[BlackElo "2138"]
[PlyCount "70"]
[EventDate "2006.04.30"]
[EventType "team"]
[EventRounds "11"]
[EventCountry "ENG"]
[SourceDate "2006.04.29"]
[WhiteTeam "H Kingfisher 2"]
[BlackTeam "FCA Solutions 1"]

1. d4 f5 2. g3 Nf6 3. Bg2 g6 4. Nf3 Bg7 5. c4 O-O 6. O-O d6 7. Nc3 Qe8 8. d5
Na6 9. Be3 Ng4 10. Bd4 Ne5 11. Rc1 Bd7 12. e4 Nxf3+ 13. Bxf3 Qf7 14. exf5 Bxf5
15. Bxg7 Qxg7 16. Re1 h5 17. Re3 Rf7 18. Qe2 Qf6 19. Re1 Re8 20. Ne4 Bxe4 21.
Bxe4 Nc5 22. Bg2 Rh7 23. b4 Nd7 24. Rf3 Qe5 25. Qd1 Qb2 26. Re2 Qxb4 27. Rb3
Qxc4 28. Rc2 Qg4 29. Qxg4 hxg4 30. Rxb7 Ne5 31. Rcxc7 Kf7 32. Rxa7 Kf6 33. Be4
Reh8 34. Kf1 Rf7 35. Kg1 Rfh7 1/2-1/2

[Event "4NCL/Div3/HKF2 vs. FCA1"]
[Site "Birmingham ENG"]
[Date "2006.04.30"]
[Round "10.4"]
[White "Reuben, Stewart"]
[Black "Burrows, Martin P"]
[Result "0-1"]
[WhiteElo "2136"]
[BlackElo "2189"]
[PlyCount "53"]
[EventDate "2006.04.30"]
[EventType "team"]
[EventRounds "11"]
[EventCountry "ENG"]
[SourceDate "2006.04.29"]
[WhiteTeam "FCA Solutions 1"]
[BlackTeam "H Kingfisher 2"]

1. c4 b6 2. Nc3 Bb7 3. e4 e6 4. Qc2 c5 5. Nf3 Nc6 6. d3 Be7 7. Be3 Nf6 8. Be2
d5 9. Bf4 Nb4 10. Qb1 d4 11. Nb5 O-O 12. Bc7 Qd7 13. Ne5 Qc8 14. Nf3 a6 15. Bd6
axb5 16. Bxe7 bxc4 17. e5 Nfd5 18. Bxf8 Qxf8 19. O-O Nf4 20. Bd1 Nbxd3 21. b3
c3 22. Bc2 Bxf3 23. Bxd3 Bxg2 24. Bxh7+ Kh8 25. Be4 Bxf1 26. Bxa8 Bd3 27. Qc1
0-1

[Event "4NCL/Div3/HKF2 vs. FCA1"]
[Site "Birmingham ENG"]
[Date "2006.04.30"]
[Round "10.5"]
[White "Chipanga, Takaedza"]
[Black "Fraser-Mitchell, Jeremy"]
[Result "1-0"]
[WhiteElo "2193"]
[BlackElo "2107"]
[PlyCount "55"]
[EventDate "2006.04.30"]
[EventType "team"]
[EventRounds "11"]
[EventCountry "ENG"]
[SourceDate "2006.04.29"]
[WhiteTeam "H Kingfisher 2"]
[BlackTeam "FCA Solutions 1"]

1. d4 f5 2. g3 Nf6 3. Bg2 g6 4. c4 Bg7 5. Nc3 O-O 6. Nh3 d6 7. d5 Qe8 8. O-O c6
9. Rb1 Na6 10. b3 Bd7 11. Bb2 h6 12. f3 g5 13. Nf2 f4 14. gxf4 gxf4 15. Kh1 Nh5
16. Nce4 Bf5 17. Rg1 Kh7 18. Bh3 Qf7 19. Nf6+ Nxf6 20. Bxf5+ Kh8 21. Bg6 Qg8
22. Nh3 cxd5 23. cxd5 Nc7 24. Nxf4 e5 25. dxe6 Nxe6 26. Qxd6 Ng5 27. Bd3 Nfe4
28. Qxh6+ 1-0

[Event "4NCL/Div3/HKF2 vs. FCA1"]
[Site "Birmingham ENG"]
[Date "2006.04.30"]
[Round "10.6"]
[White "Freeman, Richard C P"]
[Black "Buckley, Melanie"]
[Result "1/2-1/2"]
[WhiteElo "2088"]
[BlackElo "2145"]
[PlyCount "49"]
[EventDate "2006.04.30"]
[EventType "team"]
[EventRounds "11"]
[EventCountry "ENG"]
[SourceDate "2006.04.29"]
[WhiteTeam "FCA Solutions 1"]
[BlackTeam "H Kingfisher 2"]

1. d4 Nf6 2. Bg5 e6 3. Nd2 d5 4. e3 c5 5. c3 Be7 6. Bd3 O-O 7. Ngf3 Nbd7 8. O-O
b6 9. Ne5 Nxe5 10. dxe5 Nd7 11. Bf4 Bb7 12. Qg4 Re8 13. Nf3 f5 14. Qg3 Nf8 15.
h4 Ng6 16. Bg5 Bxg5 17. Nxg5 Qc7 18. f4 Nf8 19. Qh3 h6 20. Nf3 h5 21. Qg3 Qe7
22. Be2 g6 23. Qf2 Red8 24. Rfd1 Nd7 25. g3 1/2-1/2

[Event "4NCL/Div3/HKF2 vs. FCA1"]
[Site "Birmingham ENG"]
[Date "2006.04.30"]
[Round "10.7"]
[White "Crombleholme, Alan K"]
[Black "Elwin, Adrian G"]
[Result "1-0"]
[WhiteElo "2091"]
[BlackElo "2052"]
[PlyCount "125"]
[EventDate "2006.04.30"]
[EventType "team"]
[EventRounds "11"]
[EventCountry "ENG"]
[SourceDate "2006.04.29"]
[WhiteTeam "H Kingfisher 2"]
[BlackTeam "FCA Solutions 1"]

1. d4 Nf6 2. Nf3 g6 3. c4 Bg7 4. Nc3 d6 5. e4 O-O 6. Be2 e5 7. O-O Nc6 8. d5
Ne7 9. Ne1 Nd7 10. Nd3 f5 11. Bd2 Nf6 12. f3 f4 13. b4 g5 14. c5 h5 15. cxd6
cxd6 16. Nf2 Bd7 17. a4 a6 18. h3 Ng6 19. a5 b5 20. axb6 Qxb6 21. Na4 Qa7 22.
Kh2 Kf7 23. Nb2 Qd4 24. Nc4 Ke7 25. Be1 Qxd1 26. Nxd1 g4 27. Nb6 Ra7 28. Rxa6
Rxa6 29. Bxa6 g3+ 30. Kg1 Rb8 31. Nxd7 Nxd7 32. Nb2 Ra8 33. Bd3 Ra2 34. Bc3 Nh4
35. Rc1 Nb6 36. Bf1 Bf6 37. Nd1 Kf7 38. Bb2 Bd8 39. Ra1 Rxa1 40. Bxa1 Na4 41.
Bb5 Nb6 42. Bc3 Ng6 43. Nb2 Ne7 44. Ba6 Ke8 45. Bb5+ Kf7 46. Kf1 Nec8 47. Bc6
Na7 48. b5 Ke7 49. Ba5 Nac8 50. Ke2 h4 51. Kd3 Bc7 52. Bb7 Kd8 53. Bxc8 Kxc8
54. Bxb6 Bxb6 55. Nc4 Kc7 56. Kc3 Bc5 57. Kb3 Kb7 58. Ka4 Ka7 59. Ka5 Kb7 60.
b6 Ka8 61. Kb5 Kb7 62. Na5+ Ka8 63. Ka6 1-0

[Event "4NCL/Div3/HKF2 vs. FCA1"]
[Site "Birmingham ENG"]
[Date "2006.04.30"]
[Round "10.8"]
[White "Evans, Helen"]
[Black "Parmar, Amisha"]
[Result "0-1"]
[WhiteElo "1725"]
[BlackElo "1956"]
[PlyCount "126"]
[EventDate "2006.04.30"]
[EventType "team"]
[EventRounds "11"]
[EventCountry "ENG"]
[SourceDate "2006.04.29"]
[WhiteTeam "FCA Solutions 1"]
[BlackTeam "H Kingfisher 2"]

1. d4 Nf6 2. Bf4 g6 3. e3 Bg7 4. Be2 O-O 5. Nf3 c5 6. c3 b6 7. a4 d5 8. O-O Nc6
9. h3 Nd7 10. Bb5 Bb7 11. Bh2 a6 12. Be2 e5 13. Na3 e4 14. Nd2 f5 15. f3 cxd4
16. cxd4 Qe7 17. Nc2 Nb4 18. Nxb4 Qxb4 19. fxe4 fxe4 20. Bf4 b5 21. axb5 axb5
22. Rxa8 Rxa8 23. Bg4 Nb6 24. Nb3 Ra2 25. Nc5 Qxb2 26. Be2 Qxe2 27. Qxe2 Rxe2
28. Nxb7 Nc4 29. Rb1 Nxe3 30. Bxe3 Rxe3 31. Rxb5 Bxd4 32. Kf1 Bc3 33. Rxd5 Re1+
34. Kf2 e3+ 35. Kf3 Bd2 36. Nc5 Rf1+ 37. Ke2 Rf2+ 38. Kd3 Rxg2 39. Re5 Rg3 40.
Ne4 Rxh3 41. Nxd2 exd2+ 42. Kxd2 Rf3 43. Ke2 Rf5 44. Re7 Rf7 45. Re5 Kg7 46.
Ke3 h5 47. Re4 g5 48. Re6 Rf6 49. Re7+ Kg6 50. Re8 Kf7 51. Rh8 h4 52. Rh5 Kg6
53. Rh8 Rf7 54. Rg8+ Kh5 55. Rh8+ Kg4 56. Ra8 Rf3+ 57. Ke4 Rf4+ 58. Ke5 h3 59.
Rh8 Rf1 60. Ke4 Kg3 61. Rg8 g4 62. Ra8 h2 63. Ra3+ Kg2 0-1

[Event "4NCL/Div3/SLOS3 vs. HKFC"]
[Site "Birmingham ENG"]
[Date "2006.04.30"]
[Round "10.1"]
[White "Kafka, Graeme"]
[Black "Fowler, Simon"]
[Result "1-0"]
[WhiteElo "2131"]
[BlackElo "2201"]
[PlyCount "75"]
[EventDate "2006.04.30"]
[EventType "team"]
[EventRounds "11"]
[EventCountry "ENG"]
[SourceDate "2006.04.29"]
[WhiteTeam "Slough Sharks 3"]
[BlackTeam "H Coventry"]

1. e4 e6 2. d4 d5 3. e5 c5 4. c3 Nc6 5. Nf3 Bd7 6. Be2 f6 7. O-O Qc7 8. Re1
Nge7 9. Na3 Ng6 10. c4 Nxd4 11. Nxd4 cxd4 12. cxd5 fxe5 13. dxe6 Bc6 14. Bg5
Be7 15. Bxe7 Qxe7 16. Bh5 Qg5 17. Qg4 Qxg4 18. Bxg4 Ke7 19. Bf5 Kf6 20. Bxg6
hxg6 21. Nc4 Rh5 22. f3 Rah8 23. e7 b5 24. Na5 Bd5 25. Rac1 Kxe7 26. Rc7+ Kf6
27. Rd7 Bxa2 28. Nc6 Be6 29. Rd6 Rxh2 30. Rxe5 Rh1+ 31. Kf2 Re8 32. Re4 Rb1 33.
Nxd4 Rxb2+ 34. Kg3 a5 35. Nxe6 Rb8 36. Nd8+ Kf5 37. Rd5+ Kf6 38. Re6# 1-0

[Event "4NCL/Div3/SLOS3 vs. HKFC"]
[Site "Birmingham ENG"]
[Date "2006.04.30"]
[Round "10.2"]
[White "Tavoularis, Nicholas"]
[Black "Roberson, Peter T"]
[Result "1-0"]
[WhiteElo "2193"]
[BlackElo "2126"]
[PlyCount "79"]
[EventDate "2006.04.30"]
[EventType "team"]
[EventRounds "11"]
[EventCountry "ENG"]
[SourceDate "2006.04.29"]
[WhiteTeam "H Coventry"]
[BlackTeam "Slough Sharks 3"]

1. e4 c6 2. d4 d5 3. e5 Bf5 4. Nf3 e6 5. Be2 Ne7 6. O-O c5 7. dxc5 Nec6 8. Be3
Nd7 9. c4 dxc4 10. Na3 Ncxe5 11. Nxe5 Nxe5 12. Nxc4 Nxc4 13. Qa4+ Qd7 14. Qxc4
e5 15. Rfd1 Qc6 16. b4 Be7 17. b5 Qc7 18. Bf3 O-O 19. Bd5 Bf6 20. Rac1 Rfe8 21.
c6 b6 22. Rd2 Re7 23. g4 e4 24. gxf5 Qe5 25. c7 Rc8 26. Bd4 Qf4 27. Bxf6 Qg4+
28. Kf1 gxf6 29. Bxf7+ Kg7 30. Be6 Qh3+ 31. Ke1 Qxh2 32. Qxe4 Qg1+ 33. Ke2 Qxc1
34. Rd3 Rcxc7 35. Rg3+ Qg5 36. Rxg5+ fxg5 37. Qe5+ Kh6 38. f6 Rc2+ 39. Ke3 Rec7
40. f7 1-0

[Event "4NCL/Div3/SLOS3 vs. HKFC"]
[Site "Birmingham ENG"]
[Date "2006.04.30"]
[Round "10.3"]
[White "Cox, Tristan"]
[Black "Hagesaether, Arne"]
[Result "0-1"]
[WhiteElo "2047"]
[BlackElo "2182"]
[PlyCount "103"]
[EventDate "2006.04.30"]
[EventType "team"]
[EventRounds "11"]
[EventCountry "ENG"]
[SourceDate "2006.04.29"]
[WhiteTeam "Slough Sharks 3"]
[BlackTeam "H Coventry"]

1. Nf3 c6 2. c4 Nf6 3. g3 d5 4. b3 Bg4 5. Bg2 Nbd7 6. Bb2 e6 7. O-O Be7 8. d3
O-O 9. Nbd2 Qa5 10. h3 Bh5 11. a3 Rad8 12. b4 Qc7 13. Qc2 Rfe8 14. c5 h6 15. e4
e5 16. Rfe1 Bf8 17. Nh4 b6 18. cxb6 Qxb6 19. exd5 cxd5 20. Rac1 g5 21. Nf5 Bg6
22. Ne3 Qb5 23. Qb3 Nb6 24. Ng4 Nxg4 25. hxg4 Bg7 26. Bf1 Qd7 27. Rc5 Qxg4 28.
a4 Rd6 29. a5 Nd7 30. Rc7 a6 31. b5 axb5 32. Ba3 Rf6 33. Qxd5 b4 34. Be2 Qf5
35. Bf3 bxa3 36. Qxd7 Ree6 37. Rc8+ Kh7 38. Qd8 h5 39. Ne4 g4 40. Bd1 Rd6 41.
Nxf6+ Rxf6 42. Rc2 Qe6 43. Rce2 Rf3 44. Qg5 Rxd3 45. Bc2 Rf3 46. Qxh5+ Kg8 47.
Bxg6 fxg6 48. Qg5 a2 49. Qd8+ Kh7 50. Kg2 Qc6 51. Qh4+ Kg8 52. Qd8+ 0-1

[Event "4NCL/Div3/SLOS3 vs. HKFC"]
[Site "Birmingham ENG"]
[Date "2006.04.30"]
[Round "10.4"]
[White "Forman, Karl L"]
[Black "Muter, Donny"]
[Result "0-1"]
[WhiteElo "2026"]
[BlackElo "2087"]
[PlyCount "58"]
[EventDate "2006.04.30"]
[EventType "team"]
[EventRounds "11"]
[EventCountry "ENG"]
[SourceDate "2006.04.29"]
[WhiteTeam "H Coventry"]
[BlackTeam "Slough Sharks 3"]

1. e4 c5 2. d4 cxd4 3. c3 dxc3 4. Nxc3 Nc6 5. Nf3 e6 6. Bc4 Qc7 7. O-O a6 8.
Qe2 Bd6 9. Rd1 Nge7 10. Be3 Ng6 11. Rac1 O-O 12. a3 Bf4 13. g3 Bxe3 14. Qxe3 b5
15. Be2 Qa7 16. Qg5 f6 17. Qd2 Nge5 18. Kg2 Na5 19. Nd4 Bb7 20. f3 Nac4 21.
Bxc4 Nxc4 22. Qe2 Rac8 23. Nc2 Nxb2 24. Nxb5 axb5 25. Rxd7 Nc4 26. Nd4 Qb6 27.
a4 Rfd8 28. Rxd8+ Rxd8 29. Nb3 bxa4 0-1

[Event "4NCL/Div3/SLOS3 vs. HKFC"]
[Site "Birmingham ENG"]
[Date "2006.04.30"]
[Round "10.5"]
[White "McCarthy, Kevin"]
[Black "Stinton-Brownbridge, Michael"]
[Result "1-0"]
[WhiteElo "2060"]
[BlackElo "2000"]
[PlyCount "61"]
[EventDate "2006.04.30"]
[EventType "team"]
[EventRounds "11"]
[EventCountry "ENG"]
[SourceDate "2006.04.29"]
[WhiteTeam "Slough Sharks 3"]
[BlackTeam "H Coventry"]

1. e4 c6 2. d4 d5 3. Nc3 dxe4 4. Bc4 e5 5. Qh5 Qe7 6. Bg5 Nf6 7. Bxf6 gxf6 8.
dxe5 Be6 9. Bxe6 Qxe6 10. exf6 Nd7 11. O-O-O Nxf6 12. Qa5 Bh6+ 13. Kb1 O-O 14.
h3 b6 15. Qa3 Nd5 16. Nge2 Rfd8 17. Nxd5 cxd5 18. Nd4 Qd7 19. g4 Bf8 20. Qe3
Rac8 21. Nf5 Qc6 22. c3 b5 23. Rd2 Kh8 24. Qd4+ Kg8 25. Rg1 Qg6 26. h4 Rc4 27.
Qxa7 e3 28. h5 Rxg4 29. hxg6 Rxg1+ 30. Kc2 exd2 31. Qxf7+ 1-0

[Event "4NCL/Div3/SLOS3 vs. HKFC"]
[Site "Birmingham ENG"]
[Date "2006.04.30"]
[Round "10.6"]
[White "Holmes, Bob"]
[Black "Purton, Ben J"]
[Result "1/2-1/2"]
[WhiteElo "1935"]
[BlackElo "2107"]
[PlyCount "91"]
[EventDate "2006.04.30"]
[EventType "team"]
[EventRounds "11"]
[EventCountry "ENG"]
[SourceDate "2006.04.29"]
[WhiteTeam "H Coventry"]
[BlackTeam "Slough Sharks 3"]

1. e4 d6 2. d4 Nf6 3. Nc3 c6 4. Be3 Ng4 5. Bc1 Nf6 6. Nf3 Bg4 7. h3 Bxf3 8.
Qxf3 e6 9. Be3 d5 10. e5 Nfd7 11. Qg3 c5 12. Ne2 cxd4 13. Nxd4 Nc6 14. f4 g6
15. h4 Bc5 16. Nb3 d4 17. Nxc5 Nxc5 18. Bd2 Qb6 19. O-O-O O-O-O 20. Qf3 d3 21.
Bxd3 Nxd3+ 22. cxd3 Qa6 23. Kb1 Qxd3+ 24. Qxd3 Rxd3 25. Kc2 Rhd8 26. Bc3 Rg3
27. Rhg1 Ne7 28. Be1 Rxd1 29. Kxd1 Rd3+ 30. Ke2 Rd4 31. g3 h5 32. Bf2 Rc4 33.
Kd3 Rc6 34. a3 Nd5 35. Re1 a5 36. Re4 b5 37. Be1 a4 38. Ba5 Kb7 39. Bd2 Rc8 40.
Rd4 Rc7 41. Re4 Kb6 42. Rd4 Rd7 43. Be1 Kc5 44. Bf2 Kc6 45. Be1 Rd8 46. Bd2
1/2-1/2

[Event "4NCL/Div3/SLOS3 vs. HKFC"]
[Site "Birmingham ENG"]
[Date "2006.04.30"]
[Round "10.7"]
[White "Nelson, Omowale"]
[Black "Greatorex, Roger"]
[Result "1-0"]
[WhiteElo "2089"]
[BlackElo "1900"]
[PlyCount "201"]
[EventDate "2006.04.30"]
[EventType "team"]
[EventRounds "11"]
[EventCountry "ENG"]
[SourceDate "2006.04.29"]
[WhiteTeam "Slough Sharks 3"]
[BlackTeam "H Coventry"]

1. d4 e5 2. dxe5 Nc6 3. f4 f6 4. exf6 Nxf6 5. Nh3 Bc5 6. e3 d5 7. Nf2 Qe7 8.
Qf3 Bf5 9. Bd3 Bxd3 10. Nxd3 Bb6 11. O-O O-O-O 12. Nc3 a6 13. Kh1 Kb8 14. g3 h5
15. Re1 h4 16. g4 Ne4 17. h3 Rhe8 18. Rb1 Ba5 19. Kh2 Nxc3 20. bxc3 Bxc3 21.
Rf1 Ba5 22. c4 Qe4 23. Rxb7+ Ka8 24. cxd5 Qxf3 25. Rxf3 Kxb7 26. dxc6+ Kxc6 27.
Ne5+ Kb7 28. Kg2 Bc3 29. Ng6 Rd1 30. Ba3 Red8 31. Nxh4 R8d2+ 32. Rf2 Rxf2+ 33.
Kxf2 Rd2+ 34. Kf3 Rxa2 35. Bf8 Rb2 36. e4 Rb6 37. e5 g6 38. Ke4 a5 39. f5 gxf5+
40. gxf5 Kc6 41. f6 Kd7 42. Bc5 Rxf6 43. exf6 Bxf6 44. Nf3 a4 45. Bd4 Be7 46.
Kd5 c6+ 47. Ke5 a3 48. Bc3 Bf8 49. Kf6 Be7+ 50. Kf7 Bd8 51. Kg6 a2 52. Ng5 Ba5
53. Ba1 Be1 54. Kf5 c5 55. Ke4 Kc6 56. Nf3 Bg3 57. Kd3 Kd5 58. h4 c4+ 59. Ke3
Bxh4 60. Nxh4 Kc5 61. Kd2 Kd5 62. Kc3 Kc5 63. Nf3 Kd5 64. Nd2 Kc5 65. Nxc4 Kd5
66. Nd2 Kc5 67. Kb3 Kd5 68. Kxa2 Kc5 69. Kb3 Kd5 70. Bc3 Kc5 71. Kc2 Kc6 72.
Kd3 Kd5 73. Ne4 Ke6 74. Ng3 Kd5 75. Bd4 Ke6 76. Kc4 Kd6 77. Nf5+ Ke6 78. Ne3
Kd6 79. Bb2 Ke6 80. Kc5 Kf7 81. Kd6 Kg6 82. Ke5 Kg5 83. Ba3 Kg6 84. Be7 Kf7 85.
Kd6 Ke8 86. Nd5 Kf7 87. Nf4 Ke8 88. Bg5 Kf7 89. Kd7 Kf8 90. Ke6 Ke8 91. Nd5 Kf8
92. Nc7 Kg7 93. Bf6+ Kg6 94. Ne8 Kh5 95. Kf5 Kh6 96. Bg5+ Kh7 97. Kf6 Kg8 98.
Bh6 Kh7 99. Kg5 Kg8 100. Kg6 Kh8 101. Bg7+ 1-0

[Event "4NCL/Div3/SLOS3 vs. HKFC"]
[Site "Birmingham ENG"]
[Date "2006.04.30"]
[Round "10.8"]
[White "Parmar, Jyoti"]
[Black "Ignacz, Rosza"]
[Result "0-1"]
[WhiteElo "1625"]
[BlackElo "1955"]
[PlyCount "46"]
[EventDate "2006.04.30"]
[EventType "team"]
[EventRounds "11"]
[EventCountry "ENG"]
[SourceDate "2006.04.29"]
[WhiteTeam "H Coventry"]
[BlackTeam "Slough Sharks 3"]

1. e4 c6 2. d4 d5 3. e5 Bf5 4. Nc3 e6 5. Nf3 h6 6. Be2 c5 7. Be3 c4 8. O-O Nc6
9. b3 Bb4 10. Bd2 Bxc3 11. Bxc3 b5 12. Qd2 a5 13. Bb2 Nge7 14. a4 Qb6 15. axb5
Qxb5 16. Ba3 O-O 17. Rfb1 Rfb8 18. bxc4 Qxb1+ 19. Rxb1 Rxb1+ 20. Ne1 dxc4 21.
Bxc4 Nb4 22. Bb3 Ned5 23. Kf1 Rc8 0-1

[Event "4NCL/Div3/MIN vs. WES2"]
[Site "Birmingham ENG"]
[Date "2006.04.30"]
[Round "10.1"]
[White "McFarland, Robert S"]
[Black "Gregory, Keith D"]
[Result "1-0"]
[WhiteElo "2257"]
[BlackElo "2093"]
[PlyCount "63"]
[EventDate "2006.04.30"]
[EventType "team"]
[EventRounds "11"]
[EventCountry "ENG"]
[SourceDate "2006.04.29"]
[WhiteTeam "Mindsportsltd"]
[BlackTeam "Wessex 2"]

1. Nf3 d6 2. d4 g6 3. c4 Bg7 4. Nc3 Nf6 5. g3 O-O 6. Bg2 Nfd7 7. O-O Nc6 8. e4
e5 9. d5 Ne7 10. Be3 h6 11. Ne1 f5 12. Nd3 g5 13. f3 f4 14. Bf2 Nf6 15. c5 Ng6
16. Rc1 Rf7 17. Qb3 h5 18. cxd6 cxd6 19. Nb5 a6 20. Nc7 Rxc7 21. Bb6 Rxc1 22.
Bxd8 Rxf1+ 23. Bxf1 g4 24. Bxf6 Bxf6 25. fxg4 hxg4 26. Qb6 Be7 27. Qc7 f3 28.
Nf2 Kf8 29. Nd1 Kf7 30. Ne3 b5 31. h3 gxh3 32. Kh2 1-0

[Event "4NCL/Div3/MIN vs. WES2"]
[Site "Birmingham ENG"]
[Date "2006.04.30"]
[Round "10.2"]
[White "Taylor, Phil"]
[Black "Richards, Heather"]
[Result "1/2-1/2"]
[WhiteElo "2063"]
[BlackElo "2235"]
[PlyCount "43"]
[EventDate "2006.04.30"]
[EventType "team"]
[EventRounds "11"]
[EventCountry "ENG"]
[SourceDate "2006.04.29"]
[WhiteTeam "Wessex 2"]
[BlackTeam "Mindsportsltd"]

1. e4 e6 2. d4 d5 3. Nd2 Be7 4. Bd3 c5 5. dxc5 Nf6 6. Qe2 O-O 7. Ngf3 a5 8. O-O
Na6 9. e5 Nd7 10. c4 Naxc5 11. Bc2 b6 12. Rd1 Qc7 13. cxd5 exd5 14. Nb3 Ba6 15.
Qe1 Ne6 16. Bf5 a4 17. Nbd4 Ndc5 18. Be3 Bc8 19. Rac1 Re8 20. Bb1 f6 21. exf6
Bxf6 22. Qd2 1/2-1/2

[Event "4NCL/Div3/MIN vs. WES2"]
[Site "Birmingham ENG"]
[Date "2006.04.30"]
[Round "10.3"]
[White "Hawkins, Nick"]
[Black "Rutter, Nicholas"]
[Result "0-1"]
[WhiteElo "2036"]
[BlackElo "2133"]
[PlyCount "128"]
[EventDate "2006.04.30"]
[EventType "team"]
[EventRounds "11"]
[EventCountry "ENG"]
[SourceDate "2006.04.29"]
[WhiteTeam "Mindsportsltd"]
[BlackTeam "Wessex 2"]

1. d4 d5 2. Nf3 Nf6 3. e3 c6 4. Bd3 g6 5. Nbd2 Bf5 6. Be2 Bg7 7. O-O O-O 8. Nh4
Bc8 9. c3 Ne4 10. Nhf3 f5 11. Ne1 Nd7 12. f4 Ndf6 13. Nd3 Nxd2 14. Bxd2 Ne4 15.
Be1 b6 16. Ne5 Bb7 17. Rc1 e6 18. b3 Qe7 19. Bd3 Rac8 20. Bxe4 dxe4 21. Rf2
Rfd8 22. Qe2 c5 23. Rc2 Rc7 24. Qd2 Ba6 25. Qc1 Bxe5 26. dxe5 Rcd7 27. Rfd2 Rd3
28. c4 Bb7 29. Qd1 R8d7 30. Qe2 Qd8 31. Qf2 Bc6 32. h3 a5 33. Rb2 a4 34. Rxd3
exd3 35. Bc3 axb3 36. axb3 Ra7 37. Ra2 Rd7 38. g4 Bb7 39. Bd2 Qc7 40. Kh2 Qc6
41. Ra1 Rg7 42. Rg1 Rf7 43. Qh4 Qf3 44. Qe1 Kf8 45. Rg3 Qe2+ 46. Qxe2 dxe2 47.
e4 Rd7 48. Bc3 Bxe4 49. Re3 Rd3 50. Rxd3 Bxd3 51. Kg3 fxg4 52. Kxg4 Bc2 53. b4
Bd3 54. bxc5 bxc5 55. Kf3 Bxc4 56. Ke3 Ke8 57. Be1 Kd7 58. Kd2 Kc6 59. Kc3 Kd5
60. Bf2 Ba6 61. Kd2 Ke4 62. Bxc5 Kxf4 63. Bf2 Kf3 64. Ke1 g5 0-1

[Event "4NCL/Div3/MIN vs. WES2"]
[Site "Birmingham ENG"]
[Date "2006.04.30"]
[Round "10.4"]
[White "Ferrington, Nigel M"]
[Black "Almond, Richard"]
[Result "0-1"]
[WhiteElo "2115"]
[BlackElo "2093"]
[PlyCount "82"]
[EventDate "2006.04.30"]
[EventType "team"]
[EventRounds "11"]
[EventCountry "ENG"]
[SourceDate "2006.04.29"]
[WhiteTeam "Wessex 2"]
[BlackTeam "Mindsportsltd"]

1. e4 d5 2. exd5 Qxd5 3. Nf3 Bg4 4. Be2 Nc6 5. O-O O-O-O 6. d3 Nf6 7. Be3 e6 8.
h3 Bh5 9. c4 Qd7 10. Nbd2 h6 11. Qa4 a6 12. b4 Bxb4 13. Rab1 Bxd2 14. Bxd2 Nd4
15. Qxd7+ Rxd7 16. Nxd4 Rxd4 17. g4 Bg6 18. Rb3 Bxd3 19. Bxd3 Rhd8 20. Bxh6
gxh6 21. Be2 Ne4 22. Rb2 Rd2 23. Rxd2 Rxd2 24. Bf3 Ng5 25. Bg2 Rxa2 26. f4 Nh7
27. f5 e5 28. f6 c6 29. h4 Ra4 30. Be4 Nf8 31. Rc1 Kc7 32. g5 hxg5 33. h5 b5
34. h6 Rxc4 35. Rxc4 bxc4 36. h7 Nxh7 37. Bxh7 Kd6 38. Bf5 a5 39. Kf2 a4 40.
Kf3 a3 41. Bb1 c3 0-1

[Event "4NCL/Div3/MIN vs. WES2"]
[Site "Birmingham ENG"]
[Date "2006.04.30"]
[Round "10.5"]
[White "Ackley, Peter"]
[Black "Pym, Thomas W"]
[Result "1/2-1/2"]
[WhiteElo "2030"]
[BlackElo "2078"]
[PlyCount "49"]
[EventDate "2006.04.30"]
[EventType "team"]
[EventRounds "11"]
[EventCountry "ENG"]
[SourceDate "2006.04.29"]
[WhiteTeam "Mindsportsltd"]
[BlackTeam "Wessex 2"]

1. g3 g6 2. Bg2 Bg7 3. c4 c5 4. Nc3 Nc6 5. a3 e6 6. b4 cxb4 7. axb4 Nxb4 8. Ba3
Bxc3 9. dxc3 Nc6 10. Nf3 Qf6 11. Nd4 Nge7 12. Nb5 O-O 13. Qd6 Rd8 14. O-O Nf5
15. Qc7 d5 16. cxd5 exd5 17. Rfd1 a6 18. Nd4 Nfxd4 19. cxd4 Bg4 20. Qxb7 Bxe2
21. Rdc1 Bb5 22. Bxd5 Rxd5 23. Qxa8+ Rd8 24. Qb7 Qxd4 25. Bc5 1/2-1/2

[Event "4NCL/Div3/MIN vs. WES2"]
[Site "Birmingham ENG"]
[Date "2006.04.30"]
[Round "10.6"]
[White "Jenks, Bruce"]
[Black "Twitchell, Neville"]
[Result "1-0"]
[WhiteElo "2120"]
[BlackElo "2000"]
[PlyCount "61"]
[EventDate "2006.04.30"]
[EventType "team"]
[EventRounds "11"]
[EventCountry "ENG"]
[SourceDate "2006.04.29"]
[WhiteTeam "Wessex 2"]
[BlackTeam "Mindsportsltd"]

1. d4 Nf6 2. Bf4 c5 3. e3 g6 4. Nf3 Bg7 5. c3 b6 6. Nbd2 Ba6 7. Bxa6 Nxa6 8.
Qe2 Qc8 9. O-O O-O 10. h3 d6 11. e4 Nb8 12. d5 Nbd7 13. a4 Qb7 14. Nc4 Rfb8 15.
Bg3 Nh5 16. Bh2 Bh6 17. Kh1 f6 18. g4 Ng7 19. h4 Ne8 20. Rg1 Bg7 21. h5 Nf8 22.
g5 Qd7 23. gxf6 Nxf6 24. hxg6 Nxg6 25. Ng5 Bh6 26. f4 Bxg5 27. Rxg5 Kh8 28. f5
Nf8 29. Qg2 h6 30. Rg7 Qd8 31. Rg1 1-0

[Event "4NCL/Div3/MIN vs. WES2"]
[Site "Birmingham ENG"]
[Date "2006.04.30"]
[Round "10.7"]
[White "Kelly, Paul J"]
[Black "Clark, Ian C"]
[Result "0-1"]
[WhiteElo "1945"]
[BlackElo "2133"]
[PlyCount "96"]
[EventDate "2006.04.30"]
[EventType "team"]
[EventRounds "11"]
[EventCountry "ENG"]
[SourceDate "2006.04.29"]
[WhiteTeam "Mindsportsltd"]
[BlackTeam "Wessex 2"]

1. e4 c5 2. a3 Nc6 3. b4 cxb4 4. axb4 Nxb4 5. d4 g6 6. c3 Na6 7. h4 h5 8. Nf3
Bg7 9. Bd3 Nh6 10. Bf4 O-O 11. Qd2 Ng4 12. Qa2 d6 13. O-O Nc7 14. Rd1 Ne6 15.
Bg3 Kh8 16. Bc2 Qc7 17. Re1 Bd7 18. Bb3 a6 19. e5 dxe5 20. Nxe5 Nxe5 21. Bxe5
Bxe5 22. Rxe5 Kg7 23. Qe2 Rae8 24. Bc4 Nf4 25. Qf1 e6 26. Rg5 Rc8 27. Be2 Bc6
28. Bd1 f6 29. Rg3 Bb5 30. Qe1 Rfe8 31. Na3 Bd3 32. Qd2 Bf5 33. Nc2 Kh7 34. Ne1
Rcd8 35. Bc2 Bxc2 36. Qxc2 Qc4 37. Kh2 Qe2 38. Qb3 Qxf2 39. Qxb7+ Kh6 40. Qf3
Qxf3 41. Rxf3 Nd5 42. Rxa6 f5 43. c4 Nf6 44. Rd3 Re7 45. Nf3 Ng4+ 46. Kg1 e5
47. Rb3 e4 48. Ne5 Rxe5 0-1

[Event "4NCL/Div3/MIN vs. WES2"]
[Site "Birmingham ENG"]
[Date "2006.04.30"]
[Round "10.8"]
[White "Norman, Dinah"]
[Black "Weidman, Mark"]
[Result "1-0"]
[WhiteElo "2008"]
[BlackElo "1720"]
[PlyCount "60"]
[EventDate "2006.04.30"]
[EventType "team"]
[EventRounds "11"]
[EventCountry "ENG"]
[SourceDate "2006.04.29"]
[WhiteTeam "Wessex 2"]
[BlackTeam "Mindsportsltd"]

1. d4 d5 2. Nf3 Nf6 3. e3 c5 4. c3 e6 5. Bd3 Nc6 6. Nbd2 Bd6 7. O-O O-O 8. dxc5
Bxc5 9. e4 dxe4 10. Nxe4 Nxe4 11. Bxe4 Qxd1 12. Rxd1 Rd8 13. Bf4 Bb6 14. Rxd8+
Nxd8 15. Rd1 f6 16. Be3 Bc7 17. h3 Nf7 18. Bc5 a6 19. Bc2 b5 20. Bb3 Rb8 21.
Nd4 Nd8 22. Nf5 Kh8 23. Ne7 e5 24. Nxc8 Rxc8 25. Rd7 Nc6 26. Be6 h6 27. Rxg7
Kxg7 28. Bxc8 a5 29. Bd7 Nd8 30. Bxb5 Ne6 1-0